Statistics for Countries That End in RIA - One Minute Sprint

Click here to take the quiz!

General Stats

  • This quiz has been taken 34 times
  • The average score is 4 of 6

Answer Stats

Country% Correct
Algeria
66%
Nigeria
66%
Bulgaria
59%
Liberia
59%
Syria
56%
Austria
47%

Score Distribution

Percentile by Number Answered

Percent of People with Each Score

Your Score History

You have not taken this quiz